Central Library OPAC University of Rajshahi

গিলগামেশ / (Record no. 48978)

MARC details
000 -LEADER
fixed length control field 00746nam a2200229 a 4500
001 - CONTROL NUMBER
control field 48978
003 - CONTROL NUMBER IDENTIFIER
rucl marc code BD-RjUL
005 - DATE AND TIME OF LATEST TRANSACTION
control field 20211209054622.0
008 - FIXED-LENGTH DATA ELEMENTS--GENERAL INFORMATION
fixed length control field 160817s1980 bg ||||| |||| 00| d ben d
020 ## - INTERNATIONAL STANDARD BOOK NUMBER
Terms of availability : Tk. 6.00
035 ## - SYSTEM CONTROL NUMBER
System control number (BD-RjUL) 49097
040 ## - CATALOGING SOURCE
Original cataloging agency BD-RjUL
Language of cataloging ben
Transcribing agency BD-RjUL
041 ## - LANGUAGE CODE
Language code of text/sound track or separate title ben
082 ## - DEWEY DECIMAL CLASSIFICATION NUMBER
Edition number 23
Classification number 891.442
Author mark and year KHG 1980
100 1# - MAIN ENTRY--PERSONAL NAME
Personal name খান, আবদুল মতিন
9 (RLIN) 147124
245 10 - TITLE STATEMENT
Title গিলগামেশ /
Statement of responsibility, etc. আবদুল মতিন খান
260 ## - PUBLICATION, DISTRIBUTION, ETC. (IMPRINT)
Place of publication, distribution, etc. ঢাকা :
Name of publisher, distributor, etc. খোশরোজ কিতাব মহল,
Date of publication, distribution, etc. ১৯৮০
300 ## - PHYSICAL DESCRIPTION
Pagination ৪১ ‍পৃ. ;
Size ২১ সেমি.
650 ## - SUBJECT ADDED ENTRY--TOPICAL TERM
Topical term or geographic name as entry element বাংলা নাটক
9 (RLIN) 147458
Topical term or geographic name as entry element Bengali Drama
9 (RLIN) 147459
942 ## - ADDED ENTRY ELEMENTS (KOHA)
Source of classification or shelving scheme Dewey Decimal Classification
Koha item type Books
Holdings
Lost status Source of classification or shelving scheme Damaged status Not for loan Collection code Permanent Location Current Location Shelving location Date acquired Total Checkouts Full call number Date last seen Copy number Koha item type Checked out Date checked out
  Dewey Decimal Classification     Non-fiction Central Library, University of Rajshahi Central Library, University of Rajshahi   29/05/1982   B 891.442 KHG 1980 17/08/2016 C-2 Books    
  Dewey Decimal Classification     Non-fiction Central Library, University of Rajshahi Central Library, University of Rajshahi   29/05/1982 2 B 891.442 KHG 1980 17/12/2021 C-3 Books 18/01/2020 17/12/2021